000 00947nam a2200205Ia 4500
999 _c38057
_d38057
001 4043
003 GE_BSU
005 20190923173141.0
008 181216s1986||||ge |||||||||||||| ||geo||
040 _cGE_BSU
041 _ageo
080 _a39(479.223) ს–24
245 _aსამხრეთ-დასავლეთ საქართველოს ეთნოლოგიის პრობლემები :
_bN 13. კულტურა და ყოფა /
_cრედ. ალ. რობაქიძე
264 _aთბილისი :
_bმეცნიერება,
_c1986.
300 _a126 გვ. ;
_b21 სმ.
653 _aსაქართველოს ეთნოლოგიის პრობლემები
653 _aსაქართველოს კულტურა და ყოფა
700 _aრობაქიძე, ალ.
_eრედაქტორი
_94252
942 _cBK
_2udc